| 000 | 01003nam a2200265Ia 4500 | ||
|---|---|---|---|
| 003 | OSt | ||
| 005 | 20220923211311.0 | ||
| 006 | a|||||r|||| 00| 0 | ||
| 007 | ta | ||
| 008 | 220922b |||||||| |||| 00| 0 hin d | ||
| 020 |
_a9788179756478 (hbk) _c600 |
||
| 024 | _a354,229 | ||
| 037 |
_b165, 29/12/2021, Mallika Books _cTextual |
||
| 040 |
_aARTS _cARTS _bhin |
||
| 041 |
_2hin _ahin |
||
| 082 | _aV2y7N02, 152Q9 | ||
| 100 |
_aबेनीपुरी, श्रीरामवृक्ष, ले. _9157335 |
||
| 245 | 0 | _aजयप्रकाश की विचारधारा | |
| 246 | _aJayaprakāsh kī vichāradhārā | ||
| 260 |
_aनई दिल्ली _b अनामिका पब्लिशर्स _c2019 |
||
| 300 |
_a262पृ. _ccm. |
||
| 650 |
_aइतिहास _9156320 |
||
| 942 |
_hV2y7N02, 152Q9 _cTEXL _2CC |
||
| 999 |
_c298258 _d298258 |
||